Making sense of data <a> practical guide to exploratory data analysis and data mining

Salvato in:
Dettagli Bibliografici
Autore principale: Myatt, Glenn J.
Natura: Libro
Lingua:inglese
Pubblicazione: Hoboken Wiley-Interscience (John Wiley & Sons, Inc.) 2007
Soggetti:
Tags: Aggiungi Tag
Nessun Tag, puoi essere il primo ad aggiungerne!!

MARC

LEADER 00000nam$a2200000$$$4500
001 0086990
005 20240315115532.5
020 |a 978-0-470-07471-8 
020 |a 0-470-07471-X 
041 0 |a eng 
044 |a US 
245 1 0 |a Making sense of data  |b <a> practical guide to exploratory data analysis and data mining  |c Glenn J. Myatt 
264 1 |a Hoboken  |b Wiley-Interscience (John Wiley & Sons, Inc.)  |c 2007 
300 |a 280 s. 
610 2 0 |a dáta 
610 2 0 |a analýzy 
610 2 0 |a dolovanie dát 
610 2 0 |a zber dát 
610 2 0 |a zodpovednosť 
610 2 0 |a plánovanie projektové 
610 2 0 |a štúdie prípadové 
610 2 0 |a grafy 
610 2 0 |a štatistika 
610 2 0 |a metódy 
610 2 0 |a prognózy 
610 2 0 |a modely regresné 
610 2 0 |a distribúcia 
100 1 |a Myatt, Glenn J.